000 00894nam a22002897a 4500
001 6069
003 FISKH
005 20250305112112.0
008 250305b cb ||||| |||| 00| 0 eng d
020 _a9780439402255
040 _aFISKH
_beng
_cFISKH
_dFISKH
050 _aPZ7.M2225 S
082 _a813.54
100 _aMaclachlan, Patricia
_d(1938–2022)
245 _aSkylark /
_cPatricia MacLachlan
250 _aFirst printing in 2002
260 _aNew York :
_bScholastic,
_c1994
300 _a86 pages :
_c20 cm
505 _aJ
520 _aWhen a drought tests the commitment of a mail-order bride from Maine to her new home on the prairie, her stepchildren hope they will be able to remain a family.
521 8 _a470
_bLexile
521 8 _aJ
_bRaz-Plus
650 _2Family
_aJuvenile fiction
650 _2Maine
_aPrairie
942 _2ddc
_cBK
_n0
999 _c6069
_d6069